| 000 | 01326nam2a2200265 4500 | ||
|---|---|---|---|
| 001 | RU\NLR\bibl\2067319 | ||
| 005 | 20250616222324.0 | ||
| 010 |
_a978-5-85939-937-6 _bкн. 1 _97000 |
||
| 021 |
_aRU _b2013-59669 _94102 |
||
| 035 | _a(NLR Aleph) 002053757 | ||
| 090 |
_a4653945 _c4653945 |
||
| 100 | _a20130830d2014 |||y0rusy50 ca | ||
| 101 | 0 | _arus | |
| 102 | _aRU | ||
| 105 | _aa j|||000yy | ||
| 200 | 0 | _aКн. 1 | |
| 210 |
_d2014 _d[т.е. 2013] _aБ. м. |
||
| 215 |
_a255 с _cцв. ил. |
||
| 461 | 0 |
_1001RU\NLR\BIBL_A\010301624 _12000#$aИнформатика$e7 класс$eучебник [для общеобразовательных учреждений$eв 2 кн.]$fА.В. Горячев, Л.А. Макарина, А.В. Паволоцкий, Н.С. Платонова$gОбразоват. система "Школа 2100"$vКн. 1$90 _910596452 _cМосква _d2014 _fА.В. Горячев, Л.А. Макарина, А.В. Паволоцкий, Н.С. Платонова _nБАЛАСС _o7 класс : учебник [для общеобразовательных учреждений : в 2 кн.] _tИнформатика _y9785859399819 _vКн. 1$90 |
|
| 801 | 0 |
_aRU _bNLR _c20130830 _gRCR |
|
| 801 | 1 |
_aRU _bNLR _c20130830 |
|
| 942 | _cBOOK | ||
| 980 | _aNB | ||